000 004560000a22001810004500
003 MACL
005 20150711155310.0
008 150711b xxu||||| |||| 00| 0 eng d
040 _aMACL
_cMACL
041 _aEnglish
082 _a320/JAL
100 _aJalan, Bimal
_91813
245 _aIndia's Politics
_bA View From The Backbench
260 _bPenguin Books
_c2007
_aNew Delhi
350 _a350
650 _aPolitical Science
_988
942 _cBK
_k320
_2ddc
999 _c8365
_d8365